| 000 | 00683nam a2200217 a 4500 | ||
|---|---|---|---|
| 001 | 000014232 | ||
| 005 | 20240530073917.0 | ||
| 008 | 091208t2009 dr 000 f spa d | ||
| 020 | _a9789945870220 | ||
| 040 |
_aDO-SdBNP _bspa _cBNPHU |
||
| 082 |
_aRD863.44 _bV468p |
||
| 100 | 1 |
_aVentura, Abel _916030 |
|
| 245 | 1 | 0 |
_aPoeta y campesino / _cAbel Ventura. |
| 260 |
_aSan Francisco de Macorís, República Dominicana : _bRinosa, _c2009. |
||
| 300 |
_a270 p. ; _c23 cm. |
||
| 590 | _aInventariado, 2020/VM | ||
| 650 | 0 |
_aNovela dominicana _9223 |
|
| 650 | 0 |
_aNovela histórica dominicana. _9860 |
|
| 650 | 0 |
_aLiteratura dominicana. _967 |
|
| 910 | _aValidado. Control de calidad EMS. | ||
| 999 |
_c13831 _d13831 |
||